| Tag |
First Indicator |
Second Indicator |
Subfields |
| LEADER |
00000cam a2200000 i 4500 |
| 001 |
in00000093781 |
| 005 |
20240308193607.4 |
| 008 |
800404s1890 enka 000 1 eng d |
| 035 |
|
|
|a (OCoLC)06169349
|
| 035 |
|
|
|9 AAL5630AM
|
| 040 |
|
|
|a TXA
|c TXA
|d UtOrBLW
|
| 049 |
|
|
|a TXAS [remi]
|
| 090 |
|
|
|a PS2129.J5
|b A98 1890b
|
| 100 |
1 |
|
|a Janvier, Thomas A.
|q (Thomas Allibone),
|d 1849-1913.
|
| 245 |
1 |
4 |
|a The Aztec treasure-house :
|b a romance of contemporaneous antiquity /
|c by Thomas A. Janvier.
|
| 264 |
|
1 |
|a London :
|b Sampson Low, Marston, Searle, & Rivington,
|c 1890.
|
| 300 |
|
|
|a 446 pages, 19 unnumbered leaves of plates :
|b illustrations ;
|c 20 cm.
|
| 336 |
|
|
|a text
|b txt
|2 rdacontent
|
| 337 |
|
|
|a unmediated
|b n
|2 rdamedia
|
| 338 |
|
|
|a volume
|b nc
|2 rdacarrier
|
| 650 |
|
0 |
|a Aztecs
|v Fiction.
|
| 700 |
1 |
|
|a Remington, Frederic,
|d 1861-1909.
|
| 999 |
|
|
|a MARS
|
| 999 |
f |
f |
|s a683d772-9608-348d-906a-20f60fb8319b
|i a6d2fa5b-79eb-3fc8-bb59-fae625a1d1d8
|t 0
|
| 952 |
f |
f |
|p noncirc
|a Texas A&M University
|b College Station
|c Cushing Memorial Library & Archives
|d Cushing: Dykes (Does not check out)
|t 0
|e PS2129.J5 A98 1890b
|h Library of Congress classification
|i unmediated -- volume
|m A14853235457
|
| 998 |
f |
f |
|a PS2129.J5 A98 1890b
|t 0
|l Cushing: Dykes (Does not check out)
|